<?xml version="1.0" encoding="UTF-8"?>
<collection xmlns="http://www.loc.gov/MARC21/slim">
 <record>
  <leader>00278pamaa2200109   4500</leader>
  <controlfield tag="001">0000050533</controlfield>
  <controlfield tag="005">20120828090000.0</controlfield>
  <controlfield tag="008">120828s2008                             eng  </controlfield>
  <datafield tag="245" ind1="0" ind2="0">
   <subfield code="a">Aliran : </subfield>
   <subfield code="b">vol. 29, no. 1-3, 6-7,  10-12, 2009.</subfield>
  </datafield>
  <datafield tag="300" ind1=" " ind2=" ">
   <subfield code="a">25cm.</subfield>
  </datafield>
  <datafield tag="650" ind1="0" ind2="0">
   <subfield code="a">Journal </subfield>
  </datafield>
  <datafield tag="901" ind1=" " ind2=" ">
   <subfield code="u">www.aliran.com</subfield>
  </datafield>
 </record>
</collection>
